Southville International School and Colleges
Your cart is empty.
  • Cart
  • Lists
    Public lists list_1 View all
    Your lists Log in to create your own lists
  • Log in to your account
  • Your cookies
  • Search history
Southville International School and Colleges
  • Advanced search
  • Recent comments
  • Most popular
  • Libraries

Log in to your account

Log in with GOOGLE


If you do not have an external account, but do have a local account, you can still log in:

  1. Home
  2. MARC view: Anthropological and sociological concepts and perspectives /
Normal view MARC view ISBD view

Anthropological and sociological concepts and perspectives / (Record no. 291238)

[ view plain ]
MARC details
000 -LEADER
fixed length control field 00640nam a2200241Ia 4500
008 - FIXED-LENGTH DATA ELEMENTS--GENERAL INFORMATION
fixed length control field 160303s9999 xx 000 0 und d
020 ## - INTERNATIONAL STANDARD BOOK NUMBER
International Standard Book Number 971-08-6730-X
050 ## - LIBRARY OF CONGRESS CALL NUMBER
Classification number FIL GN 24
050 ## - LIBRARY OF CONGRESS CALL NUMBER
Item number .Z85 2006
100 ## - MAIN ENTRY--PERSONAL NAME
Personal name Zulueta, Francisco M.
245 ## - TITLE STATEMENT
Title Anthropological and sociological concepts and perspectives /
245 ## - TITLE STATEMENT
Statement of responsibility, etc Francisco M. Zulueta.
260 ## - PUBLICATION, DISTRIBUTION, ETC. (IMPRINT)
Place of publication, distribution, etc Mandaluyong:
260 ## - PUBLICATION, DISTRIBUTION, ETC. (IMPRINT)
Name of publisher, distributor, etc National Book Store,
260 ## - PUBLICATION, DISTRIBUTION, ETC. (IMPRINT)
Date of publication, distribution, etc 2006
300 ## - PHYSICAL DESCRIPTION
Extent 433 pages :
300 ## - PHYSICAL DESCRIPTION
Other physical details illustrations ;
300 ## - PHYSICAL DESCRIPTION
Dimensions 22 cm.
650 ## - SUBJECT ADDED ENTRY--TOPICAL TERM
Topical term or geographic name as entry element Anthropology.
650 ## - SUBJECT ADDED ENTRY--TOPICAL TERM
Topical term or geographic name as entry element Philippines --
650 ## - SUBJECT ADDED ENTRY--TOPICAL TERM
Topical term or geographic name as entry element Sociology.
650 ## - SUBJECT ADDED ENTRY--TOPICAL TERM
General subdivision Social conditions.
Holdings
Withdrawn status Lost status Damaged status Home library Current library Shelving location Date acquired Total Checkouts Full call number Barcode Date last seen Price effective from Koha item type
      South Mansfield College South Mansfield College Filipiniana Section 01/09/2008   FIL GN 24 .Z85 2006 SMC03903 03/03/2016 03/03/2016  

Anthropological and sociological concepts and perspectives /

APA

Zulueta F. M., .Anthropological and sociological concepts and perspectives. Mandaluyong: .

Chicago

Zulueta Francisco M, .Anthropological and sociological concepts and perspectives. Mandaluyong: .

Harvard

Zulueta F. M., .Anthropological and sociological concepts and perspectives. Mandaluyong: .

MLA

Zulueta Francisco M, .Mandaluyong: . .

  • Place hold
  • Print
  • Cite
  • Add to your cart (remove)
  • Save record
    BIBTEX Dublin Core MARCXML MARC (non-Unicode/MARC-8) MARC (Unicode/UTF-8) MARC (Unicode/UTF-8, Standard) MODS (XML) RIS
  • More searches
    Search for this title in:
    Other Libraries (WorldCat) Other Databases (Google Scholar) Online Stores (Bookfinder.com) Open Library (openlibrary.org)

Exporting to Dublin Core...

SOUTHVILLE LIBRARY

Southville International School and Colleges Library

1281 Tropical Ave. Cor. Luxembourg St., BF Homes International, Las Pinas City

Tel. No. 8256374 / 252358 Loc. 117/146

Powered by Koha